[Event "9th Corsica Masters"]
[Site "Théâtre municipal de Bastia"]
[Date "2005.10.30"]
[Round "1.3"]
[White "Gurevich, Mikhail"]
[Black "Casta, Jean-Philippe"]
[Result "1-0"]
[WhiteElo "2652"]
[BlackElo "1770"]
[PlyCount "69"]
[EventDate "2005.??.??"]

1. c4 e5 2. Nc3 Nc6 3. Nf3 Bc5 4. e3 d6 5. d4 exd4 6. exd4 Bb4 7. d5 Bxc3+ 8.
bxc3 Qe7+ 9. Be2 Ne5 10. O-O Nf6 11. Nxe5 Qxe5 12. Re1 O-O 13. Bd3 Qxc3 14. Rb1
Bg4 15. f3 Bh5 16. Re3 Qa5 17. Rb5 Qa6 18. g4 c6 19. Rb4 Qa5 20. Ra4 Qc5 21.
gxh5 Rfe8 22. Qd2 Re5 23. Qf2 Rg5+ 24. Kf1 cxd5 25. Re8+ Rxe8 26. Qxc5 dxc5 27.
Bxg5 Nxh5 28. Rxa7 dxc4 29. Bxc4 Rb8 30. Bd5 b5 31. Bxf7+ Kh8 32. Bxh5 c4 33.
Bf4 Rf8 34. Be5 Rc8 35. Rxg7 1-0

[Event "9th Corsica Masters"]
[Site "Théâtre municipal de Bastia"]
[Date "2005.10.30"]
[Round "1.4"]
[White "Lanoir, Arnaud"]
[Black "Milov, Vadim"]
[Result "0-1"]
[WhiteElo "1760"]
[BlackElo "2652"]
[PlyCount "60"]

1. d4 Nf6 2. Nf3 e6 3. Bf4 c5 4. e3 Qb6 5. Nc3 cxd4 6. exd4 Nc6 7. Bc4 Be7 8.
h3 Qxb2 9. Bd2 Qb6 10. Rb1 Qd8 11. O-O d5 12. Bd3 O-O 13. Bf4 b6 14. Ne2 Nb4
15. a4 Nxd3 16. Qxd3 Bd7 17. Qb3 Rc8 18. Ne5 Be8 19. Rfc1 Ne4 20. c4 f6 21. Nf3
Bc6 22. cxd5 Bxd5 23. Qb2 Qd7 24. Nc3 Nxc3 25. Rxc3 Qxa4 26. Ra1 Qd7 27. Rac1
Rxc3 28. Rxc3 Rc8 29. Qc2 Rxc3 30. Qxc3 Qc6 0-1

[Event "9th Corsica Masters"]
[Site "Théâtre municipal de Bastia"]
[Date "2005.10.30"]
[Round "1.5"]
[White "Izoria, Zviad"]
[Black "Luciani, Thibault"]
[Result "1-0"]
[WhiteElo "2646"]
[BlackElo "1760"]
[PlyCount "43"]

1. d4 Nf6 2. c4 g6 3. Nc3 d5 4. cxd5 Nxd5 5. e4 Nxc3 6. bxc3 Bg7 7. Nf3 c5 8.
Rb1 O-O 9. Be2 Nd7 10. O-O cxd4 11. cxd4 e5 12. Bg5 Qa5 13. Bc4 exd4 14. Be7
Re8 15. Bb4 Qc7 16. Bxf7+ Kxf7 17. Ng5+ Kf6 18. Nxh7+ Kf7 19. Qb3+ Re6 20. Ng5+
Kf6 21. Qxe6+ Kxg5 22. Bd2+ 1-0

[Event "9th Corsica Masters"]
[Site "Théâtre municipal de Bastia"]
[Date "2005.10.30"]
[Round "1.6"]
[White "Storai, Thierry"]
[Black "Naiditsch, Arkadij"]
[Result "0-1"]
[WhiteElo "1760"]
[BlackElo "2641"]
[PlyCount "58"]

1. c4 e5 2. Nc3 Nf6 3. g3 d5 4. cxd5 Nxd5 5. Bg2 Nb6 6. d3 Be7 7. Nf3 Nc6 8.
O-O O-O 9. a3 a5 10. Be3 Be6 11. Nd2 f5 12. Nb3 f4 13. Bc5 a4 14. Bxe7 Qxe7 15.
Nd2 Na5 16. Nce4 c5 17. Rc1 Rac8 18. Qc2 c4 19. Qc3 Nc6 20. dxc4 Nd4 21. Rfe1
Nxc4 22. Qd3 Nxb2 23. Qb1 Nc4 24. Qb4 Qxb4 25. axb4 Nxd2 26. Rxc8 Rxc8 27. Nxd2
a3 28. Be4 a2 29. e3 Ne2+ 0-1

[Event "9th Corsica Masters"]
[Site "Théâtre municipal de Bastia"]
[Date "2005.10.30"]
[Round "1.8"]
[White "Poiron, Nicolas"]
[Black "Fressinet, Laurent"]
[Result "0-1"]
[WhiteElo "1740"]
[BlackElo "2623"]
[PlyCount "50"]

1. d4 d5 2. c4 c6 3. Nc3 Nf6 4. e3 e6 5. Nf3 Nbd7 6. Qc2 Bd6 7. g4 Bb4 8. Bd2
Qe7 9. Bd3 dxc4 10. Bxc4 b5 11. Bd3 Bb7 12. g5 Bxc3 13. Bxc3 Nd5 14. e4 Nxc3
15. bxc3 a6 16. Rd1 c5 17. Be2 Rc8 18. Qd3 O-O 19. h4 cxd4 20. cxd4 Qb4+ 21.
Nd2 f5 22. f3 fxe4 23. fxe4 Rc3 24. Qb1 Qxd4 25. Nf3 Qe3 0-1

[Event "9th Corsica Masters"]
[Site "Théâtre municipal de Bastia"]
[Date "2005.10.30"]
[Round "1.9"]
[White "Graf, Alexander"]
[Black "Campana, Marc-Antoine"]
[Result "1-0"]
[WhiteElo "2613"]
[BlackElo "1730"]
[PlyCount "51"]

1. d4 d5 2. c4 c6 3. Nc3 Nf6 4. Nf3 e6 5. Bg5 Nbd7 6. cxd5 exd5 7. e3 Qa5 8.
Bd3 Bb4 9. Qc2 O-O 10. O-O Re8 11. Nd2 h6 12. Bh4 Qc7 13. Rfe1 Bd6 14. Nf1 b5
15. Rac1 a6 16. Bf5 g5 17. Bg3 Nh5 18. Nxd5 cxd5 19. Qxc7 Bxc7 20. Rxc7 Nb6 21.
Bd3 Nf4 22. Bxf4 gxf4 23. Rc6 Na4 24. b3 Nb2 25. Bc2 Bd7 26. Rc5 1-0

[Event "9th Corsica Masters"]
[Site "Théâtre municipal de Bastia"]
[Date "2005.10.30"]
[Round "1.10"]
[White "Leveque, Christophe"]
[Black "Socko, Bartosz"]
[Result "0-1"]
[WhiteElo "1730"]
[BlackElo "2610"]
[PlyCount "54"]

1. d4 Nf6 2. Nf3 e6 3. e3 c5 4. c3 Nc6 5. Bd3 Be7 6. Nbd2 O-O 7. O-O b6 8. b3
d5 9. Bb2 Bb7 10. Re1 Rc8 11. e4 cxd4 12. cxd4 Nb4 13. Bb1 dxe4 14. Nxe4 Nxe4
15. Bxe4 Bxe4 16. Rxe4 Nd5 17. Rc1 Qd7 18. Re2 Nb4 19. a3 Rxc1 20. Bxc1 Nd5 21.
Rc2 Qb5 22. Rc4 Qa6 23. Ra4 Qb7 24. Rc4 b5 25. Rc2 Rc8 26. Bb2 Nf4 27. Qc1 Ne2+
0-1

[Event "9th Corsica Masters"]
[Site "Théâtre municipal de Bastia"]
[Date "2005.10.30"]
[Round "1.11"]
[White "Riazantsev, Alexander"]
[Black "Steil-Antoni, Dario"]
[Result "1-0"]
[WhiteElo "2603"]
[BlackElo "1730"]
[PlyCount "79"]

1. d4 d5 2. c4 e5 3. dxe5 d4 4. Nf3 Nc6 5. g3 Bg4 6. Bg2 Qd7 7. O-O h5 8. Nbd2
Be7 9. h4 g5 10. hxg5 Bh3 11. Nh4 Bxg5 12. Ndf3 Bxh4 13. Nxh4 Bxg2 14. Kxg2
Nxe5 15. Bf4 f6 16. Bxe5 fxe5 17. Qd3 Qc6+ 18. f3 Ne7 19. Qe4 Qxe4 20. fxe4 Kd7
21. Rf7 Raf8 22. Raf1 Ke8 23. Rxe7+ Kxe7 24. Ng6+ Ke8 25. Nxh8 Rxh8 26. Rf5 Rh7
27. Rxe5+ Kf7 28. Kh3 Kf6 29. Rf5+ Kg6 30. Rd5 Kf6 31. Kh4 Re7 32. Rxd4 Ke5 33.
Rd5+ Kxe4 34. Kxh5 c6 35. Rd3 Kf5 36. Rf3+ Ke4 37. Rd3 Kf5 38. g4+ Kf4 39. Rf3+
Ke4 40. g5 1-0

[Event "9th Corsica Masters"]
[Site "Théâtre municipal de Bastia"]
[Date "2005.10.30"]
[Round "1.12"]
[White "Gossart, Gerard"]
[Black "Korneev, Oleg"]
[Result "0-1"]
[WhiteElo "1728"]
[BlackElo "2599"]
[PlyCount "82"]

1. e4 c5 2. Nf3 e6 3. d4 cxd4 4. Nxd4 a6 5. Be2 Nf6 6. Nc3 Qc7 7. O-O Nc6 8.
Nxc6 bxc6 9. a3 d5 10. exd5 cxd5 11. Bf3 Bd6 12. h3 O-O 13. Bg5 Be5 14. Qd2 Bb7
15. Bxf6 Bxf6 16. Rab1 Rac8 17. Rfc1 h6 18. Qd3 Rfd8 19. Ne2 Bg5 20. Rd1 Qxc2
21. Qd4 Qc4 22. Qb6 Qc7 23. Qb4 a5 24. Qb3 Ba6 25. g3 Bc4 26. Qc2 Ba2 27. Qxc7
Rxc7 28. Ra1 Bb3 29. Rd3 Bc2 30. Rc3 Rdc8 31. h4 Bf6 32. Rxc7 Rxc7 33. Nc3 Bxc3
34. bxc3 Rxc3 35. Be2 d4 36. Rc1 e5 37. f3 d3 38. Bxd3 Rxd3 39. Rxc2 Rxf3 40.
Ra2 Rxg3+ 41. Kf2 Rb3 0-1

[Event "9th Corsica Masters"]
[Site "Théâtre municipal de Bastia"]
[Date "2005.10.30"]
[Round "1.13"]
[White "Chernin, Alexander"]
[Black "Bono, Patrick"]
[Result "1-0"]
[WhiteElo "2598"]
[BlackElo "1710"]
[PlyCount "68"]

1. d4 Nf6 2. c4 d6 3. Nf3 g6 4. e4 Bg7 5. h3 Nbd7 6. Bg5 h6 7. Be3 O-O 8. Qd2
Kh7 9. Bd3 c5 10. d5 e6 11. Nc3 exd5 12. cxd5 a6 13. a4 Qe7 14. O-O Ng8 15.
Rae1 b5 16. axb5 axb5 17. Bxb5 Ba6 18. Bxa6 Rxa6 19. Qc2 Rb8 20. Nd2 Rab6 21.
b3 Qe5 22. Ncb1 Rb4 23. Nc4 Qe7 24. Nbd2 Ndf6 25. Na5 Nxe4 26. Bf4 f5 27. Nc6
Qh4 28. Nxe4 Qxf4 29. Nxb8 Rxb8 30. g3 Qf3 31. Re3 Qh5 32. Nxd6 Qxh3 33. Re7
Nf6 34. Qc3 Rxb3 1-0

[Event "9th Corsica Masters"]
[Site "Théâtre municipal de Bastia"]
[Date "2005.10.30"]
[Round "1.14"]
[White "Correges, Philippe"]
[Black "David, Alberto"]
[Result "0-1"]
[WhiteElo "1710"]
[BlackElo "2595"]
[PlyCount "54"]

1. e4 c5 2. Nc3 Nc6 3. Bb5 Nd4 4. Be2 g6 5. d3 Bg7 6. Be3 e6 7. f4 Ne7 8. Rb1
O-O 9. Qd2 d5 10. Nf3 Nxf3+ 11. Bxf3 d4 12. Bf2 dxc3 13. bxc3 Qa5 14. O-O Bxc3
15. Qe3 Bd4 16. Qe2 Nc6 17. h4 Qc3 18. Rb3 Bxf2+ 19. Qxf2 Qd4 20. c3 Qxf2+ 21.
Kxf2 Rd8 22. Ke2 b6 23. g4 Ba6 24. Rd1 c4 25. Rbb1 cxd3+ 26. Kf2 Rac8 27. Rbc1
Na5 0-1

[Event "9th Corsica Masters"]
[Site "Théâtre municipal de Bastia"]
[Date "2005.10.30"]
[Round "1.15"]
[White "Nikolic, Predrag"]
[Black "Mauromati, Fabrice"]
[Result "1-0"]
[WhiteElo "2584"]
[BlackElo "1700"]
[PlyCount "63"]

1. Nf3 Nf6 2. c4 c5 3. g3 g6 4. Bg2 Bg7 5. O-O O-O 6. d4 d6 7. d5 Na6 8. Nc3
Nc7 9. e4 Rb8 10. a4 a5 11. h3 Bd7 12. Re1 Nfe8 13. e5 dxe5 14. Nxe5 Nd6 15. b3
f6 16. Nxd7 Qxd7 17. Ra2 f5 18. Qd3 Kh8 19. Rae2 Rfe8 20. Bf4 Rbd8 21. h4 Nf7
22. Bxc7 Qxc7 23. Nb5 Qd7 24. Re6 Nd6 25. h5 Nxb5 26. cxb5 Bd4 27. hxg6 hxg6
28. Rxg6 e5 29. Bh3 Qh7 30. Bxf5 Rf8 31. Kg2 Rxf5 32. Qxf5 1-0

[Event "9th Corsica Masters"]
[Site "Théâtre municipal de Bastia"]
[Date "2005.10.31"]
[Round "2.2"]
[White "Sasikiran, Krishnan"]
[Black "Kolb, Sebastien"]
[Result "1-0"]
[WhiteElo "2663"]
[BlackElo "2160"]
[PlyCount "65"]

1. d4 d5 2. c4 e6 3. Nc3 Be7 4. Nf3 Nf6 5. Bg5 h6 6. Bh4 O-O 7. e3 b6 8. Bd3
Bb7 9. O-O Nbd7 10. Qe2 dxc4 11. Bxc4 Ne4 12. Bg3 Nxg3 13. hxg3 c5 14. Rfd1 Qc7
15. d5 exd5 16. Nxd5 Bxd5 17. Rxd5 Nf6 18. Rdd1 Rad8 19. e4 Nh7 20. e5 Ng5 21.
Nh4 Rxd1+ 22. Rxd1 Rd8 23. Bd5 Ne6 24. Nf5 Nd4 25. Qe4 Qd7 26. Rxd4 cxd4 27. e6
Qc7 28. exf7+ Kf8 29. Nxd4 Qc1+ 30. Kh2 Qd1 31. Ne6+ Kxf7 32. Ng5+ Kf8 33. Nh7+
1-0

[Event "9th Corsica Masters"]
[Site "Théâtre municipal de Bastia"]
[Date "2005.10.31"]
[Round "2.3"]
[White "Lemoine, Benoit"]
[Black "Gurevich, Mikhail"]
[Result "0-1"]
[WhiteElo "2142"]
[BlackElo "2652"]
[PlyCount "100"]

1. e4 d6 2. d4 g6 3. Nc3 Bg7 4. Be3 a6 5. Qd2 b5 6. a3 Bb7 7. Be2 Nd7 8. Bf3 c6
9. Nce2 Qc7 10. Rc1 Nb6 11. b3 c5 12. Ng3 cxd4 13. Bxd4 Bxd4 14. Qxd4 Nf6 15.
h4 Nbd7 16. h5 Rc8 17. hxg6 fxg6 18. N1e2 Ne5 19. Kf1 Qc5 20. Qxc5 Rxc5 21. Nf4
Kf7 22. Ke2 Rhc8 23. Kd2 Rc3 24. Be2 Bxe4 25. Bc4+ R3xc4 26. bxc4 Nxc4+ 27. Ke2
Bb7 28. a4 e5 29. Nh3 Bxg2 30. Ng5+ Kg7 31. Ne6+ Kf7 32. Ng5+ Kg8 33. Rh2 Bc6
34. axb5 Bxb5 35. N3e4 Nxe4 36. Nxe4 d5 37. Nf6+ Kg7 38. Nxh7 Nd6+ 39. Kf3 Rc3+
40. Kg2 Nf7 41. f3 d4 42. Kg3 Bc6 43. Rf1 a5 44. Kg4 Bd7+ 45. Kg3 a4 46. Rb1
Bc6 47. Rb8 Rxf3+ 48. Kg4 Rf4+ 49. Kg3 Nd6 50. Ng5 Nf5+ 0-1

[Event "9th Corsica Masters"]
[Site "Théâtre municipal de Bastia"]
[Date "2005.10.31"]
[Round "2.5"]
[White "Cristofari, Antoine"]
[Black "Izoria, Zviad"]
[Result "0-1"]
[WhiteElo "2130"]
[BlackElo "2646"]
[PlyCount "90"]

1. e4 c5 2. Nf3 d6 3. d4 cxd4 4. Nxd4 Nf6 5. Nc3 Bd7 6. Bc4 Nc6 7. O-O g6 8. h3
Bg7 9. Be3 O-O 10. Qd2 Rc8 11. Bb3 a5 12. f4 a4 13. Bxa4 Nxd4 14. Bxd7 Rxc3 15.
bxc3 Nxe4 16. Qd3 Nxc3 17. Rfe1 Nde2+ 18. Rxe2 Nxe2+ 19. Qxe2 Qxd7 20. Rb1 Qc6
21. Rb6 Qd5 22. a4 Bd4 23. Bxd4 Qxd4+ 24. Qf2 Qxa4 25. Rxb7 e6 26. Rc7 Rb8 27.
Qd2 Qb4 28. Qxb4 Rxb4 29. c4 Kg7 30. Kf2 Rb2+ 31. Kf3 Rc2 32. g3 Rc3+ 33. Kf2
d5 34. c5 h6 35. h4 g5 36. hxg5 hxg5 37. fxg5 Kg6 38. c6 Kxg5 39. Rxf7 Rxc6 40.
Ke3 e5 41. Rf8 Rc3+ 42. Kf2 d4 43. Rd8 Kg4 44. Rg8+ Kf5 45. Rd8 Rc2+ 0-1

[Event "9th Corsica Masters"]
[Site "Théâtre municipal de Bastia"]
[Date "2005.10.31"]
[Round "2.6"]
[White "Naiditsch, Arkadij"]
[Black "Ebenezer, Joseph"]
[Result "1-0"]
[WhiteElo "2641"]
[BlackElo "2140"]
[PlyCount "83"]

1. e4 e6 2. d4 d5 3. Nd2 Nf6 4. e5 Nfd7 5. Bd3 c5 6. c3 Nc6 7. Ne2 Qb6 8. Nf3
cxd4 9. cxd4 f6 10. exf6 Nxf6 11. O-O Bd6 12. Bf4 Bxf4 13. Nxf4 O-O 14. Qd2
Nxd4 15. Nxd4 e5 16. Nxd5 Qxd4 17. Nxf6+ Rxf6 18. Qc2 g6 19. Rad1 Qb6 20. Bc4+
Kg7 21. Qe2 Be6 22. Bxe6 Qxe6 23. Qe4 Rf7 24. Rd5 Re8 25. Re1 Qb6 26. Re2 Qc7
27. g3 Qc1+ 28. Kg2 Qc6 29. h4 h5 30. Kh2 Kh7 31. Kg2 Kg7 32. b4 a6 33. a4 Qxa4
34. Rd6 Rf5 35. Qxb7+ Rf7 36. Qb6 Qb3 37. Rxg6+ Kf8 38. Qc5+ Ree7 39. Re3 Rxf2+
40. Kxf2 Qa2+ 41. Re2 Qf7+ 42. Kg2 1-0

[Event "9th Corsica Masters"]
[Site "Théâtre municipal de Bastia"]
[Date "2005.10.31"]
[Round "2.7"]
[White "Brethes, Francois"]
[Black "Almasi, Zoltan"]
[Result "0-1"]
[WhiteElo "2119"]
[BlackElo "2640"]
[PlyCount "46"]

1. d4 Nf6 2. Nf3 e6 3. c4 b6 4. e3 Bb7 5. Bd3 g6 6. O-O Bg7 7. Nc3 d5 8. b3 O-O
9. Ba3 Re8 10. Rc1 a6 11. Qc2 Nbd7 12. Na4 dxc4 13. bxc4 e5 14. Nxe5 Nxe5 15.
dxe5 Ng4 16. Be4 Bxe5 17. Bxb7 Bxh2+ 18. Kh1 Qh4 19. g3 Bxg3+ 20. Kg2 Qh2+ 21.
Kf3 Bxf2 22. Rxf2 Rxe3+ 23. Kxg4 Qg3# 0-1

[Event "9th Corsica Masters"]
[Site "Théâtre municipal de Bastia"]
[Date "2005.10.31"]
[Round "2.9"]
[White "Oriot, Patrice"]
[Black "Graf, Alexander"]
[Result "0-1"]
[WhiteElo "2090"]
[BlackElo "2613"]
[PlyCount "120"]

1. e4 e5 2. Nf3 Nc6 3. Bc4 Nf6 4. d3 Be7 5. c3 O-O 6. O-O d5 7. exd5 Nxd5 8. h3
Nb6 9. Bb3 Bf5 10. d4 exd4 11. cxd4 Bf6 12. Be3 Qd7 13. Nc3 Rad8 14. Rc1 Na5
15. Na4 Nxb3 16. Nxb6 Qb5 17. Qxb3 Qxb3 18. axb3 cxb6 19. Rc7 Be4 20. Ne5 Rc8
21. Rfc1 Rxc7 22. Rxc7 Bd5 23. Nd7 Bd8 24. Rc3 Re8 25. Ne5 f6 26. Nd3 Kf7 27.
b4 Bc6 28. Ne1 Be7 29. Nc2 Rd8 30. f3 Rd5 31. Rd3 Ba4 32. b3 Bd7 33. g4 a5 34.
Bd2 Bb5 35. Rc3 Bc6 36. Rd3 Bb5 37. Rc3 Rd6 38. Kf2 a4 39. Na3 Rxd4 40. Be3
Rxb4 41. Nxb5 Rxb5 42. bxa4 Rb2+ 43. Kg3 Ke6 44. f4 Bd6 45. Kf3 g6 46. Rc8 Rb3
47. Ke2 Rb4 48. Kf3 Rxa4 49. Bxb6 Rxf4+ 50. Kg2 Rb4 51. Be3 Rb5 52. Re8+ Be7
53. Rb8 f5 54. Rh8 fxg4 55. hxg4 h5 56. Rh6 hxg4 57. Rxg6+ Kf5 58. Rg7 Rb2+ 59.
Kf1 Bd6 60. Rd7 Be5 0-1

[Event "9th Corsica Masters"]
[Site "Théâtre municipal de Bastia"]
[Date "2005.10.31"]
[Round "2.10"]
[White "Socko, Bartosz"]
[Black "Lazar, Andras"]
[Result "1-0"]
[WhiteElo "2610"]
[BlackElo "2114"]
[PlyCount "89"]

1. e4 c5 2. Nf3 Nc6 3. d4 cxd4 4. Nxd4 Nf6 5. Nc3 a6 6. Nxc6 dxc6 7. Qxd8+ Kxd8
8. Bf4 Be6 9. O-O-O+ Ke8 10. Be2 g6 11. a4 h5 12. a5 Bh6 13. Bxh6 Rxh6 14. f3
Rd8 15. Na4 Rxd1+ 16. Rxd1 Nd7 17. h4 f6 18. Rd4 c5 19. Rd3 c4 20. Rc3 g5 21.
hxg5 fxg5 22. Bxc4 Bxc4 23. Rxc4 g4 24. fxg4 hxg4 25. Rc3 Re6 26. Re3 Re5 27.
b4 Kd8 28. Kd2 Kc7 29. Kd3 Rh5 30. Rg3 Kc6 31. Nc3 e6 32. Ne2 Kd6 33. c4 Rg5
34. Kd4 Ne5 35. c5+ Kd7 36. Nf4 Nc6+ 37. Kc3 Ne5 38. Re3 Ke7 39. g3 Rg8 40. Re1
Nf3 41. Rh1 Ng5 42. Kd3 Nf7 43. Ke3 Kf6 44. Rh7 Rh8 45. e5+ 1-0

[Event "9th Corsica Masters"]
[Site "Théâtre municipal de Bastia"]
[Date "2005.10.31"]
[Round "2.11"]
[White "Lecoq, Julien"]
[Black "Riazantsev, Alexander"]
[Result "1/2-1/2"]
[WhiteElo "2074"]
[BlackElo "2603"]
[PlyCount "103"]

1. e4 c6 2. d4 d5 3. Nc3 dxe4 4. Nxe4 Bf5 5. Ng3 Bg6 6. Nf3 Nd7 7. h4 h6 8. h5
Bh7 9. Bd3 Bxd3 10. Qxd3 e6 11. Bf4 Ngf6 12. O-O-O Nd5 13. Bd2 Nb4 14. Bxb4
Bxb4 15. c3 Be7 16. Ne4 Qc7 17. Kb1 O-O-O 18. Qe2 Kb8 19. c4 Rhe8 20. g3 Qa5
21. Ka1 Qf5 22. Nh4 Qa5 23. Nf3 Ka8 24. Nc3 Bd6 25. Ne4 Bb8 26. Rd3 Nf6 27.
Nxf6 gxf6 28. Qe3 Rh8 29. Nd2 f5 30. c5 e5 31. dxe5 Rxd3 32. Qxd3 Rd8 33. Nb3
Rxd3 34. Nxa5 Bxe5 35. Re1 a6 36. Kb1 f6 37. f4 Bc7 38. Nc4 Rxg3 39. Re8+ Ka7
40. Nd6 a5 41. Re7 Bxd6 42. cxd6 Kb6 43. Re6 Rf3 44. Rxf6 Rxf4 45. Rxh6 c5 46.
Rf6 Kc6 47. Kc2 Rf2+ 48. Kc3 Rf3+ 49. Kc2 Rf2+ 50. Kc3 Rf3+ 51. Kc2 Rf2+ 52.
Kc3 1/2-1/2

[Event "9th Corsica Masters"]
[Site "Théâtre municipal de Bastia"]
[Date "2005.10.31"]
[Round "2.12"]
[White "Korneev, Oleg"]
[Black "Humeau, Cyril"]
[Result "1-0"]
[WhiteElo "2599"]
[BlackElo "2100"]
[PlyCount "35"]

1. e4 e5 2. Nf3 Nf6 3. d4 Nxe4 4. Bd3 d5 5. Nxe5 Nd7 6. Nc3 Nxe5 7. dxe5 Bb4 8.
O-O Nxc3 9. bxc3 Bxc3 10. Rb1 Qh4 11. f4 O-O 12. Rb3 Bd4+ 13. Kh1 Bb6 14. f5 c5
15. Rf4 Qh6 16. Rg4 Qc6 17. Rxg7+ Kxg7 18. f6+ 1-0

[Event "9th Corsica Masters"]
[Site "Théâtre municipal de Bastia"]
[Date "2005.10.31"]
[Round "2.14"]
[White "David, Alberto"]
[Black "Scala, Lijubomir"]
[Result "1-0"]
[WhiteElo "2595"]
[BlackElo "2076"]
[PlyCount "71"]

1. d4 e6 2. Nf3 b6 3. e4 Bb7 4. Bd3 Be7 5. O-O d5 6. e5 c5 7. c4 Nd7 8. Re1
dxc4 9. Bxc4 a6 10. d5 b5 11. dxe6 bxc4 12. exf7+ Kxf7 13. e6+ Ke8 14. exd7+
Qxd7 15. Qxd7+ Kxd7 16. Ne5+ Ke8 17. Nxc4 Rd8 18. Nc3 Nf6 19. Bf4 Kf8 20. Re6
Nd5 21. Bd6 Bxd6 22. Nxd6 Nf4 23. Nxb7 Nxe6 24. Nxd8 Nxd8 25. Ne4 Ne6 26. Nxc5
Kf7 27. Nxa6 Rd8 28. b4 Nd4 29. a4 Ne2+ 30. Kf1 Nc3 31. b5 Rd2 32. b6 Rb2 33.
a5 Ne4 34. f3 Nd6 35. Nc5 Rb5 36. a6 1-0

[Event "9th Corsica Masters"]
[Site "Théâtre municipal de Bastia"]
[Date "2005.10.31"]
[Round "2.24"]
[White "Balogh, Csaba"]
[Black "Massoni, Michael"]
[Result "1-0"]
[WhiteElo "2567"]
[BlackElo "2013"]
[PlyCount "55"]

1. e4 e5 2. Nf3 Nc6 3. Bb5 a6 4. Bxc6 dxc6 5. O-O Bg4 6. h3 Bxf3 7. Qxf3 Nf6 8.
d3 h6 9. Qg3 Qd6 10. Nd2 Qe6 11. Nc4 Bd6 12. Qxg7 O-O-O 13. Nxd6+ cxd6 14. Qg3
Rdg8 15. Qf3 Kb8 16. Qf5 Qe7 17. f4 Rg6 18. Bd2 Rhg8 19. Rf2 Nd7 20. Raf1 f6
21. Re2 Qg7 22. Rff2 Rg3 23. Kf1 Nf8 24. fxe5 fxe5 25. Qf6 Rxh3 26. Qxd6+ Ka7
27. Be3+ Ka8 28. Qd8# 1-0

[Event "9th Corsica Masters"]
[Site "Théâtre municipal de Bastia"]
[Date "2005.10.31"]
[Round "2.36"]
[White "Zude, Erik Dr"]
[Black "Have, Didier"]
[Result "1-0"]
[WhiteElo "2426"]
[BlackElo "1924"]
[PlyCount "38"]

1. d4 d5 2. c4 Nc6 3. Nc3 Nf6 4. cxd5 Nxd5 5. e4 Nxc3 6. bxc3 e5 7. d5 Nb8 8.
Nf3 Bg4 9. Bd3 Bc5 10. Qa4+ Bd7 11. Qb3 Bb6 12. Nxe5 O-O 13. O-O Kh8 14. Ba3
Qf6 15. Nf3 Re8 16. e5 Qf4 17. Rae1 Ba4 18. Qb1 g6 19. Re4 Qh6 1-0

[Event "9th Corsica Masters"]
[Site "Théâtre municipal de Bastia"]
[Date "2005.10.31"]
[Round "2.39"]
[White "Battesti, Saveriu"]
[Black "Colin, Vincent"]
[Result "0-1"]
[WhiteElo "1920"]
[BlackElo "2376"]
[PlyCount "53"]

1. e4 c5 2. Nf3 a6 3. d4 cxd4 4. Nxd4 e5 5. Nf3 Nf6 6. Bg5 Nc6 7. Nc3 Bb4 8.
Bxf6 Bxc3+ 9. bxc3 Qxf6 10. Bc4 d6 11. O-O Bg4 12. Rb1 b5 13. Bd5 Rc8 14. Qd3
Bxf3 15. gxf3 O-O 16. a4 Ne7 17. Bb7 Rc7 18. Bxa6 Ng6 19. Kh1 Nf4 20. Qe3 bxa4
21. Ra1 d5 22. Rxa4 Rc6 23. Bb7 Rb6 24. Rb4 d4 25. Rxb6 Qxb6 26. cxd4 Qxb7 27.
dxe5 0-1

[Event "9th Corsica Masters"]
[Site "Théâtre municipal de Bastia"]
[Date "2005.10.31"]
[Round "2.42"]
[White "Houska, Jovanka"]
[Black "Stubbe, Damien"]
[Result "1-0"]
[WhiteElo "2351"]
[BlackElo "1855"]
[PlyCount "49"]

1. e4 c5 2. Nc3 Nc6 3. g3 g6 4. d3 Bg7 5. Be3 Nd4 6. Qd2 d6 7. Nd1 Bg4 8. Bg2
Qd7 9. c3 Nc6 10. f4 e5 11. Nf3 Nge7 12. O-O b5 13. fxe5 Nxe5 14. Nxe5 dxe5 15.
Qf2 O-O 16. Bxc5 f5 17. exf5 Rxf5 18. Bxa8 Rxf2 19. Bxf2 Be2 20. Re1 Bxd3 21.
Ne3 Nf5 22. Bd5+ Kf8 23. Rad1 e4 24. Ng2 Nd6 25. Nf4 1-0

[Event "9th Corsica Masters"]
[Site "Théâtre municipal de Bastia"]
[Date "2005.10.31"]
[Round "2.49"]
[White "Rossi, Pascal"]
[Black "Guerra, Alessandro"]
[Result "0-1"]
[WhiteElo "1824"]
[BlackElo "2208"]
[PlyCount "22"]
[EventDate "2005.??.??"]

1. d4 Nc6 2. e4 e5 3. Nf3 exd4 4. c3 dxc3 5. Nxc3 d6 6. Bc4 Be7 7. Qb3 Na5 8.
Bxf7+ Kf8 9. Qa4 Kxf7 10. Qxa5 c6 11. O-O Qxa5 0-1

[Event "9th Corsica Masters"]
[Site "Théâtre municipal de Bastia"]
[Date "2005.10.31"]
[Round "3.6"]
[White "Siebrecht, Sebastian"]
[Black "Naiditsch, Arkadij"]
[Result "0-1"]
[WhiteElo "2485"]
[BlackElo "2641"]
[PlyCount "52"]

1. c4 e5 2. Nc3 Nf6 3. Nf3 Nc6 4. e3 Bb4 5. Nd5 e4 6. Nxb4 Nxb4 7. Nd4 c5 8.
Nb5 d5 9. a3 Nd3+ 10. Bxd3 exd3 11. cxd5 Nxd5 12. Qf3 O-O 13. O-O Be6 14. e4
Nb6 15. b4 cxb4 16. axb4 Nc4 17. Qg3 Rc8 18. Na3 Qd4 19. Nxc4 Rxc4 20. Ra3 Rd8
21. Qg5 Rdc8 22. Rc3 h6 23. Qg3 Rxc3 24. dxc3 d2 25. Bb2 Qc4 26. Qf3 Qxf1+ 0-1

[Event "9th Corsica Masters"]
[Site "Théâtre municipal de Bastia"]
[Date "2005.10.31"]
[Round "3.7"]
[White "Almasi, Zoltan"]
[Black "Milov, Leonid"]
[Result "1/2-1/2"]
[WhiteElo "2640"]
[BlackElo "2472"]
[PlyCount "37"]

1. e4 d5 2. exd5 Qxd5 3. Nc3 Qa5 4. d4 Nf6 5. Bd2 Bg4 6. f3 Bf5 7. Bc4 Qb6 8.
Nge2 e6 9. g4 Bg6 10. h4 h6 11. Bb5+ Nc6 12. Be3 O-O-O 13. Qd2 Bb4 14. a3 Be7
15. O-O e5 16. d5 Bc5 17. Bxc5 Qxc5+ 18. Kg2 Na5 19. Rad1 {suite illisible...}
1/2-1/2

[Event "9th Corsica Masters"]
[Site "Théâtre municipal de Bastia"]
[Date "2005.10.31"]
[Round "3.8"]
[White "Sanchez, Joseph"]
[Black "Fressinet, Laurent"]
[Result "1/2-1/2"]
[WhiteElo "2435"]
[BlackElo "2623"]
[PlyCount "67"]

1. e4 g6 2. d4 Bg7 3. Nc3 d6 4. Be3 a6 5. Qd2 b5 6. Bd3 Nd7 7. Nf3 Bb7 8. a4 b4
9. Ne2 c5 10. c3 bxc3 11. bxc3 Qc7 12. h4 Ngf6 13. Bh6 Bxh6 14. Qxh6 cxd4 15.
cxd4 Qa5+ 16. Kf1 Nxe4 17. h5 Ndf6 18. hxg6 fxg6 19. Rh4 Rc8 20. Qe3 Qd5 21.
Rb1 Ba8 22. Bxa6 Qa2 23. Re1 Rc7 24. Bd3 d5 25. Bb5+ Bc6 26. Rc1 Bxb5 27. Rxc7
Qxa4 28. Rc8+ Kd7 29. Rc1 Rc8 30. Ne5+ Kd6 31. Nf7+ Kd7 32. Ne5+ Kd6 33. Nf7+
Kd7 34. Ne5+ 1/2-1/2

[Event "9th Corsica Masters"]
[Site "Théâtre municipal de Bastia"]
[Date "2005.10.31"]
[Round "3.9"]
[White "Graf, Alexander"]
[Black "Zude, Erik Dr"]
[Result "0-1"]
[WhiteElo "2613"]
[BlackElo "2426"]
[PlyCount "90"]

1. d4 Nf6 2. c4 g6 3. Nc3 Bg7 4. e4 d6 5. f3 O-O 6. Be3 c5 7. Nge2 Qa5 8. Nc1
cxd4 9. Nb3 Qe5 10. Bxd4 Qg5 11. Qc1 Qxc1+ 12. Rxc1 Nc6 13. Be3 b6 14. Be2 Nd7
15. Kf2 Nc5 16. Rhd1 Ne6 17. f4 Bb7 18. Bf3 Rfc8 19. Rd2 Nc5 20. Nxc5 bxc5 21.
e5 dxe5 22. fxe5 Rab8 23. Na4 Nxe5 24. Nxc5 Bxf3 25. gxf3 Rb6 26. Kg3 f5 27.
Kg2 Kf7 28. b3 g5 29. Rcd1 g4 30. f4 Nf3 31. Rd5 Rh6 32. Rh1 Rh3 33. Bf2 Bf6
34. Rxf5 Rd8 35. Ne4 Rd3 36. Rd5 Nh4+ 37. Kf1 Rdf3 38. c5 Rxf4 39. Nxf6 g3 40.
Ne4 g2+ 41. Kg1 Rxe4 42. Rh5 Rg4 43. Rxh7+ Kg6 44. Rxh4 gxh1=Q+ 45. Kxh1 Rgxh4
0-1

[Event "9th Corsica Masters"]
[Site "Théâtre municipal de Bastia"]
[Date "2005.10.31"]
[Round "3.13"]
[White "Colin, Vincent"]
[Black "David, Alberto"]
[Result "0-1"]
[WhiteElo "2376"]
[BlackElo "2595"]
[PlyCount "80"]

1. c4 e6 2. Nc3 d5 3. d4 Bb4 4. e3 Nf6 5. Nf3 O-O 6. Bd3 c5 7. O-O Nc6 8. a3
Bxc3 9. bxc3 Qc7 10. Bb2 dxc4 11. Bxc4 e5 12. h3 Bf5 13. Qe2 e4 14. Nd2 Bg6 15.
Ba2 Ne7 16. c4 Rfe8 17. Nb3 Nd7 18. Rac1 b6 19. Bb1 Nf5 20. Rfd1 Rab8 21. Nd2
cxd4 22. exd4 Nf6 23. Nf1 Nh5 24. g3 Nf6 25. Ne3 Nxg3 26. fxg3 Qxg3+ 27. Ng2
Bh5 28. Qf2 Qxh3 29. Re1 Bf3 30. Rc2 g5 31. Qe3 h6 32. Kf1 Ng4 33. Qg1 Nh2+ 34.
Kf2 Ng4+ 35. Kf1 e3 36. Ree2 Nh2+ 37. Ke1 Bxe2 38. Kxe2 Qf3+ 39. Ke1 e2 40. Qf2
Qd3 0-1